|
|
|
|
| LEADER |
01083nam a2200301 4500 |
| 001 |
37038 |
| 003 |
BD-DhAAL |
| 005 |
20211129112211.0 |
| 008 |
170220t2019 ii ad||| |||| 001 0 eng d |
| 999 |
|
|
|c 41198
|d 41198
|
| 020 |
|
|
|a 9789386668554
|
| 020 |
|
|
|a 9386668556
|
| 040 |
|
|
|a BD-DhAAL
|
| 082 |
|
|
|a 658.15
|2 23
|
| 100 |
|
|
|a Parasuraman, N. R.
|9 39311
|
| 245 |
|
|
|a Financial Management :
|b A Step-by-Step Approach /
|c N. R. Parasuraman
|
| 250 |
|
|
|a Second edition
|
| 260 |
|
|
|a Cengage :
|b India,
|c c2019
|
| 300 |
|
|
|a xxviii, 803 pages :
|b illustrations ;
|c 25 cm.
|
| 504 |
|
|
|a Includes bibliographical references and index.
|
| 526 |
|
|
|a BBS
|
| 541 |
|
|
|a Hye Trade International
|e 37038
|
| 650 |
|
|
|a Financial Management.
|9 39312
|
| 650 |
|
|
|a Corporations
|x Finance.
|9 39313
|
| 650 |
|
|
|a Business & finance.
|9 43353
|
| 852 |
|
|
|a Ayesha Abed Library
|c General Stacks
|
| 942 |
|
|
|2 ddc
|c BK
|
| 952 |
|
|
|0 0
|1 0
|2 ddc
|4 0
|6 658_150000000000000_PAR
|7 0
|9 67889
|a BRACUL
|b BRACUL
|c GEN
|d 2020-02-09
|e Hye Trade International
|g 888.00
|l 0
|o 658.15 PAR
|p 3010037038
|r 2020-02-09
|t 1
|v 888.00
|w 2020-02-09
|y BK
|